El tercer hombre (Registro nro. 68015)
[ vista simple ]
| 000 -LÍDER | |
|---|---|
| Campo fijo de descripción fija | 01250nam a2200193 i 4500 |
| 001 - NÚMERO DE CONTROL | |
| Campo de control | 768714001 |
| 003 - IDENTIFICADOR DEL NÚMERO DE CONTROL | |
| Campo de control | CO-MdFUSB |
| 005 - FECHA Y HORA DE LA ULTIMA TRANSACCIÓN | |
| control field | 20220726163827.0 |
| 008 - ELEMENTOS DE LONGITUD FIJA -- INFORMACIÓN GENERAL | |
| Campo fijo de descripción fija -- Información general | 220726t1984 ck |||| |||| 00| 0 spa d |
| 040 ## - FUENTE DE CATALOGACIÓN | |
| Idioma de catalogación | spa |
| Agencia que realiza la transcripción | CO-MdFUSB |
| Agencia que realiza la modificación | CO-MdFUSB |
| 041 ## - CÓDIGO DE IDIOMA | |
| Código de idioma para texto/pista de sonido o título separado | spa |
| 100 ## - ASIENTO PRINCIPAL--NOMBRE PERSONAL | |
| Nombre personal | Greene, Graham, |
| Término relacionador | autor |
| 245 #3 - TÍTULO | |
| Título | El tercer hombre |
| Mención de responsabilidad | / Graham Greene |
| 300 ## - DESCRIPCIÓN FÍSICA | |
| Extensión | Volumen 5, (1984) páginas 689 - 767 ; |
| Dimensiones | 22 cm. |
| 520 ## - NOTA DE RESUMEN, ETC. | |
| Nota de sumario, etc. | Poco después de la Segunda Guerra Mundial, Rollo Martins, un escritor de segunda fila, recibe una carta desde Viena de su amigo Harry Lime para que vaya allí a escribir unos artículos periodísticos sobre la ocupación de los aliados. Cuando llega a la ciudad, Rollo se entera de que su amigo ha muerto. El protagonista empieza a investigar y entonces descubre que Harry ocultaba secretos muy sucios y que del chico que conoció en su adolescencia apenas queda ya nada. Una historia sobre la amistad, la traición y el desengaño que gozó de una genial adaptación cinematográfica, dirigida por Carol Reed y protagonizada por Orson Welles y Joseph Cotten. |
| 653 ## - TÉRMINO DE INDIZACIÓN - NO CONTROLADO | |
| Término no controlado | Literatura inglesa |
| 773 0# - ASIENTO DE ITEM FUENTE | |
| Biblionumber | 67924 |
| Itemnumber | 81152 |
| Asiento principal | Oveja Negra, |
| Otro identificador del ítem | 24702 |
| Título | Maestros de la literatura universal |
| Número de control del registro | (CO-MdFUSB)768714001 |
| International Standard Book Number | 8482806718 |
| 942 ## - TIPO DE MATERIAL (KOHA) | |
| Tipo de Item KOHA | Libros General |
No hay ítems disponibles.
